Journal of Elementary Science Education

محفوظ في:

التنسيق: دورية

اللغة: Undetermined

منشور في: JSTOR
Springer

الموضوعات:

الوصول للمادة أونلاين: Login to view Source

الوسوم: إضافة وسم

لا توجد وسوم, كن أول من يضع وسما على هذه التسجيلة!

رقم الطلب:

LEADER 00579nas a2200193Ia 4500
008 220214c99999999xx |||||||||||| ||und||
022 |a 1090-185X 
022 |a 2168-8753 
245 0 0 |a Journal of Elementary Science Education 
264 1 |b JSTOR 
264 1 |b Springer 
362 0 |a Vol. 1(1989)-21 (2009) 
653 1 0 |a General Science 
653 1 0 |a Science & Mathematics 
653 1 0 |a Social Sciences 
856 4 0 |u https://www.jstor.org/journal/jelemscieeduc 
942 |c JL 
952 |0 0  |1 0  |4 0  |7 1  |9 35622  |a JSR  |b JSR  |d 2022-02-14  |l 0  |r 2022-02-14 00:00:00  |w 2022-02-14  |y JL 
999 |c 43955  |d 43955